| 000 | 01032nam a22002655a 4500 | ||
|---|---|---|---|
| 003 | OSt | ||
| 005 | 20170301130246.0 | ||
| 008 | 170226s2014 ua frb 000 0 ara d | ||
| 015 | _a2014 / 2657 | ||
| 020 | _a9789770475065 | ||
| 040 |
_aEG-ScBUE _bara _cEG-ScBUE |
||
| 043 | _af-ua--- | ||
| 082 | 0 | 4 |
_a346.62096 _bش ر ق _222 |
| 100 | 1 | _aشرقاوي، محمود سمير. | |
| 245 | 1 | 2 |
_aالأوراق التجارية في قانون التجارة الجديد / _cمحمود سمير الشرقاوي ؛ تنقيح وائل أنور بندق. |
| 260 |
_aالقاهرة : _bدار النهضة العربية، _c2014. |
||
| 300 |
_a503 ص. ؛ _c24 سم. |
||
| 504 | _aيشتمل على إرجاعات ببليوجرافية. | ||
| 650 | 7 |
_2BUEsh _aالأوراق التجارية _xقوانين وتشريعات _zمصر. |
|
| 650 | 7 |
_2BUEsh _aالقانون التجاري _941150 _zمصر. |
|
| 651 | _2BUEsh | ||
| 653 |
_bLLAAWW _cFebruary2017 |
||
| 700 | 1 |
_aبندق، وائل أنور، _eمنقح. |
|
| 942 | _2ddc | ||
| 999 |
_c24293 _d24265 |
||